MARC details
| 000 -LÍDER |
| campo de controle de tamanho fixo |
01123nam a22003257a 4500 |
| 001 - NÚMERO DE CONTROLE |
| campo de controle |
BR7800776 |
| 003 - IDENTIFICADOR DO NÚMERO DE CONTROLE |
| campo de controle |
BR-BrBNA |
| 005 - DATA E HORÁRIO DA ÚLTIMA TRANSAÇÃO |
| campo de controle |
20230928085526.0 |
| 007 - CAMPO FIXO DE DESCRIÇÃO FÍSICA--INFORMAÇÃO GERAL |
| campo de controle de tamanho fixo |
ta |
| 008 - CAMPO DE DADOS FIXOS--INFORMAÇÃO GERAL |
| campo de controle de tamanho fixo |
230509b bl.||||| |||| 00| 0 por d |
| 040 ## - FONTE DA CATALOGAÇÃO |
| Instituição da catalogação original |
BR-BrBNA |
| Idioma da catalogação |
por |
| Instituição que transcreveu o registro |
Biblioteca Nacional de Agricultura |
| 041 ## - CÓDIGO DE IDIOMA |
| Código do idioma do texto/trilha sonora ou título diferente |
(Por) |
| 072 ## - CÓDIGO DE CATEGORIA DE ASSUNTO |
| Código de Categoria de Assunto |
E30; F00; L00 |
| Código do objeto |
/G514 |
| 090 ## - NÚMERO DE CHAMADA LOCAL |
| -- |
E30 BR7800776 |
| 110 1# - ENTRADA PRINCIPAL--NOME CORPORATIVO |
| Nome corporativo ou nome da jurisdição |
Unidade Regional de Supervisao Norte de Planejamento Agricola, Belem, PA (Brasil) |
| 9 (RLIN) |
10410 |
| 245 1# - TÍTULO |
| Título |
Perspectivas de producao, insumos e servicos para a agricultura da regiao norte 1977/78 [desenvolvimento agricola, producao vegetal, producao animal, rendimento, consumo, Para, Brasil] |
| 260 3# - PUBLICAÇÃO, DISTRIBUIÇÃO, ETC. |
| Local de publicação, distribuição, etc. |
Belem, PA (Brasil): |
| Data da publicação, distribuição, etc. |
1977. |
| 300 ## - DESCRIÇÃO FÍSICA |
| Extensão |
137 p. |
| 500 ## - NOTA GERAL |
| Nota geral |
43 graphs; Bibliography p. 131-137 (59 ref.); 13 Maps scale 1:7,100,000 |
| 650 ## - ASSUNTO--TERMO TÓPICO |
| Cabeçalho tópico ou nome geográfico |
DESENVOLVIMENTO AGRICOLA |
| 650 ## - ASSUNTO--TERMO TÓPICO |
| Cabeçalho tópico ou nome geográfico |
PRODUCAO VEGETAL |
| 650 ## - ASSUNTO--TERMO TÓPICO |
| Cabeçalho tópico ou nome geográfico |
PRODUCAO ANIMAL |
| 650 ## - ASSUNTO--TERMO TÓPICO |
| Cabeçalho tópico ou nome geográfico |
DESENVOLVIMENTO ECONOMICO |
| 650 ## - ASSUNTO--TERMO TÓPICO |
| Cabeçalho tópico ou nome geográfico |
INSUMO |
| 650 ## - ASSUNTO--TERMO TÓPICO |
| Cabeçalho tópico ou nome geográfico |
CONSUMO |
| 650 ## - ASSUNTO--TERMO TÓPICO |
| Cabeçalho tópico ou nome geográfico |
RENDIMENTO |
| 650 ## - ASSUNTO--TERMO TÓPICO |
| Cabeçalho tópico ou nome geográfico |
REGIAO NORTE |
| 909 ## - |
| -- |
202309 |
| -- |
Lucia |
| -- |
55 |
| -- |
Lucia Elande |
| 942 ## - ELEMENTOS DE ENTRADA ADICIONADOS (KOHA) |
| Tipo de material Koha |
Livros |